00462nmm a2200157Ia 4500008004100000020001800041041000800059100003200067245003100099264006600130300001800196650001500214856005100229942000700280999001700287251105s9999||||xx |||||||||||||||||und|| a9788490648025 aspa aDe la Fuente Arnanz, Javier 0aLa memoria de los testigos a[Madrid, España] :bUniversitat Oberta de Catalunya, c2015 a260 páginas aPsychology uhttps://public.digitaliapublishing.com/a/43855 cCF c87759d87759